header

Physics of intensity dependent beam instabilities (Record no. 138269)

MARC details
000 -LEADER
fixed length control field 01096nam a2200277Ia 4500
100 1# - MAIN ENTRY--AUTHOR NAME
Personal name Ng, King-Yuen.
245 10 - TITLE STATEMENT
Title Physics of intensity dependent beam instabilities
260 ## - PUBLICATION, DISTRIBUTION, ETC. (IMPRINT)
Place of publication Singapore ;
-- Hackensack, N.J. :
Name of publisher World Scientific,
Year of publication c2006.
300 ## - PHYSICAL DESCRIPTION
Number of Pages xviii, 776 p. :
Other physical details ill.
650 #0 - SUBJECT ADDED ENTRY--TOPICAL TERM
Topical Term Particle beam instabilities.
Topical Term Particle accelerators.
856 40 - ELECTRONIC LOCATION AND ACCESS
Uniform Resource Identifier http://site.ebrary.com/lib/rucke/Doc?id=10174037

No items available.

© 2026 Rongo University
Contact us: librarian | system librarian | Rongo university